Lisa Has Her Meals

Bibliographic Details
Main Author: Manickam, Irene
Format: Book
Language:English
Published: Selangor : Pustaka Cita Tinggi , 2008
Series:What Lisa Does...Series
Subjects:

MARC

LEADER 00000cam a2200000 7i4500
001 0000061773
005 20080925.0
008 080925 eng
020 |a 9789830236384 
090 0 0 |a PRE 428.6 MAN 
100 1 |a Manickam, Irene 
245 1 1 |a Lisa Has Her Meals   |c Irene Manickam 
260 |a Selangor :   |b Pustaka Cita Tinggi ,   |c 2008 
300 |a 28p. :   |b ill.col.; ;   |c 21cm. 
440 0 |a What Lisa Does...Series 
650 0 0 |a Readers   |x Fiction 
999 |a 313891   |b Buku   |c Koleksi Pinjaman Kanak-Kanak   |e Perbadanan Perpustakaan Awam Melaka 
999 |a 313892   |b Buku   |c Koleksi Pinjaman Kanak-Kanak   |e Perbadanan Perpustakaan Awam Melaka